[Event "Gallego-ch U18"]
[Site "Viveiro"]
[Date "2016.02.08"]
[Round "6"]
[White "Rey Fernandez, Gael"]
[Black "Naso Gomez, Federico"]
[Result "0-1"]
[WhiteElo "1390"]
[BlackElo "1399"]
[PlyCount "84"]
[EventDate "2016.02.06"]
[EventType "swiss"]
[EventRounds "8"]
[EventCountry "ESP"]
[SourceTitle "EXT 2024"]
[Source "ChessBase"]
[SourceDate "2023.10.10"]
[SourceVersion "1"]
[SourceVersionDate "2023.10.10"]
[SourceQuality "1"]

1. e4 Nf6 2. e5 Nd5 3. d4 d6 4. c4 Nb6 5. Bf4 Nc6 6. Nf3 Bg4 7. Nbd2 Nxd4 8. h3 Nxf3+ 9. Nxf3 Bh5 10. Be2 e6 11. exd6 Bxd6 12. Bxd6 cxd6 13. 0-0 0-0 14. Qc2 Rc8 15. g4 Bg6 16. Qb3 Qf6 17. Rac1 Rc7 18. Rc3 Rfc8 19. Rfc1 d5 20. cxd5 Rxc3 21. Rxc3 Rxc3 22. bxc3 exd5 23. c4 Qe6 24. Qd1 f6 25. cxd5 Qxd5 26. Qxd5+ Nxd5 27. Bc4 Bf7 28. g5 Nf4 29. Bxf7+ Kxf7 30. Kh2 Ne6 31. gxf6 Kxf6 32. Nd2 b5 33. Ne4+ Ke5 34. Nc3 b4 35. Nb5 a5 36. Na7 Kd5 37. Nc8 Kc4 38. Nd6+ Kc3 39. Kg3 b3 40. axb3 Kxb3 41. Nb7 a4 42. Na5+ Kc3 0-1